Vocaloid Song Quiz - Statistics

General Stats
  • This quiz has been taken 6 times
  • The average score is 12 of 21
Answer Stats
Hint Answer % Correct
Left side, Right side KING
100%
nyanyanyanyanya nyanyanyanyanya- Meow meow meow meow meow meow meow meow meow meow Nyan
100%
mou ikkai, mou ikkai.- One more time, one more time Rolling Girl
100%
Thank you for your continued patronage, you lo-, wait its a draw!? Huh?- maido arigatou de kimi no m…masaka no hi, hikiwake!? Eh? Childish War
75%
"saa kaitei no jikan da"- "Come, it's time for the trial" Judgement of Corruption
75%
aironii aironii, kurakura suru mainichi da...- Irony! Irony! I feel dizzy every day... Nihil-San
75%
kakinarasu erekutorikku gitaa wa, Don't Stop! Don't Stop!- The strumming of the electric guitar, don't stop! Don't stop! Roki
75%
onegai KISS de me o samashite hoshii no- Please, I want you to wake me up with a kiss The Snow White Princess Is...
75%
fumitsubushita kaeru no tobideta medama ga- The frog that I stepped on's eye came out Amedama
50%
isshun no kyoumei de sekai terasu firamento! saa!- At an instance of resonance, the filament illuminates this world! Now! Filament Fever
50%
Hey meedee boku ga wakattara mou ichido waratte kureru kana?- Hey "Mayday!" If you realize it's me, will you kindly laugh at me once more? Ghost Rule
50%
But I think I kinda hate summer," you responded while caressing a cat- "Demo maa natsu wa kirai kana" neko o nadenagara. Kagerou Daze
50%
hikiyosete magunetto no you ni...- Draw me in, like a ______.... Magnet
50%
yasai juusu- This vegetable juice PoPiPo
50%
iya maji de omae nanka meccha kirai da!- No, seriously, I really hate you more than anything! Unfriendly Hater
50%
souiu atsukai kokoroete yo ne?- So that's how you'll treat me, got it? World Is Mine
50%
tooi tooi tooi tooi tooi- So far, far, far, far, far Young Girl A
50%
Liars know liars, like you know the back of your own hand. Cause I'm a Liar
25%
karinka? marinka? hoo o tsunette!- Kalinga Malinga? Pinch me I'm dreaming! Matryoshika
25%
waa! [hihou] [hihou] [hihou] [hihou] (ussoo)- Whaaat! [BAD NEWS] [BAD NEWS] [BAD NEWS] [BAD NEWS] (just kidding~) NOT a devil
25%
"kanzentai" e no ai karamatte!- Caught up in everyone's love for my 'perfect form'! Yamada Perfect
25%
No matching quizzes found
Score Distribution
Percent of People with Each Score
Percentile by Number Answered
Your Score History
You have not taken this quiz